[Event "Toronto-B1"]
[Site "Toronto"]
[Date "2008.02.19"]
[Round "5"]
[White "Ferreira, Alex"]
[Black "Chudnovsky, Boris"]
[Result "0-1"]
[WhiteElo "1989"]
[BlackElo "1996"]
[PlyCount "60"]
[EventDate "2008.01.22"]
[EventType "tourn"]
[EventRounds "7"]
[EventCountry "CAN"]
[SourceTitle "EXT 2011"]
[Source "ChessBase"]
[SourceDate "2010.11.26"]
[SourceVersion "1"]
[SourceVersionDate "2010.11.26"]
[SourceQuality "1"]

1. e4 c5 2. Nf3 d6 3. d4 cxd4 4. Nxd4 Nf6 5. Nc3 g6 6. Be3 Bg7 7. Be2 0-0 8. Qd2 Nc6 9. 0-0 Bd7 10. Rad1 Nxd4 11. Bxd4 Bc6 12. f3 a6 13. a4 e6 14. b4 Qe7 15. b5 axb5 16. axb5 Bd7 17. b6 Rfc8 18. Rfe1 Ra3 19. Ra1 Raxc3 20. Bxc3 Nxe4 21. fxe4 Bxc3 22. Qd3 Bxe1 23. Rxe1 d5 24. exd5 Qc5+ 25. Kf1 Qxb6 26. c4 exd5 27. Rb1 dxc4 28. Qd1 Qc7 29. Qd5 b5 30. h4 c3 0-1